01002cam a2200277 a 450000100090000000300040000900500170001300800410003001000170007102000320008804000180012004300120013805000220015008200170017210000290018924500840021825000120030226000480031430000400036250000200040265000470042265000700046970000270053985600850056685600730065111933108OSt20151013102448.0000306s2001 mauak 001 0 eng  a 00027780  a0072314036 (acidfree paper) aDLCcDLCdDLC an-us---00aKF3455b.B46 200100a344.73012211 aBennett-Alexander, Dawn.10aEmployment law for business /cDawn D. Bennett-Alexander, Laura Pincus Hartman. a3rd ed. aBoston, Mass. :bIrwin/McGraw-Hill,cc2001. axx, 795 p. :bill., forms ;c24 cm. aIncludes index. 0aLabor laws and legislationzUnited States. 0aDiscrimination in employmentxLaw and legislationzUnited States.1 aHartman, Laura Pincus.423Publisher descriptionuhttp://www.loc.gov/catdir/description/mh021/00027780.html413Table of contentsuhttp://www.loc.gov/catdir/toc/mh021/00027780.html